コンテンツを見る
Welcome to University of Aberdeen, Mumbai
Home
English
Deutsch
Español
Français
Italiano
日本語
Nederlands
Português
Português (Brasil)
中文(简体)
中文(繁體)
Türkçe
עברית
Gaeilge
Cymraeg
Ελληνικά
Català
Euskara
Русский
Čeština
Suomi
Svenska
polski
Dansk
slovenščina
اللغة العربية
বাংলা
Galego
Tiếng Việt
Hrvatski
हिंदी
Հայերէն
Українська
Sámegiella
Монгол
Māori
Sign In
全フィールド
タイトル
著者
主題
請求記号
ISBN/ISSN
タグ
検索
詳細検索
Python for Data Analysis
この資料を引用
この資料をSMS送信
この資料をメール
印刷
エクスポート
エクスポート先: RefWorks
エクスポート先: EndNoteWeb
エクスポート先: EndNote
お気に入りに追加
パーマネントリンク
Python for Data Analysis
保存先:
書誌詳細
フォーマット:
図書
出版事項:
Shroff
タグ:
タグ追加
タグなし, このレコードへの初めてのタグを付けませんか!
所蔵
その他の書誌記述
コメント
類似資料
MARC表示
MARC
LEADER
00000nam a2200000Ia 4500
005
20260515061616.0
020
|a
9789355421906
942
|c
BK
245
|a
Python for Data Analysis
260
|b
Shroff
999
|c
40
|d
40
952
|0
0
|1
0
|4
0
|7
0
|a
ABDN
|b
ABDN
|d
2026-05-15
|l
0
|p
000045
|r
2026-05-15 06:16:16
|w
2026-05-15
|y
BK
類似資料
Microeconomic analysis
著者:: Varian, Hal R.
Visual complex analysis
著者:: Needham, Tristan
Python 3 object-oriented programming
著者:: Phillips, Dusty
Data Engineering for Machine Learning Pipelines : From Python Libraries to ML Pipelines and Cloud Platforms
著者:: Narayanan, Pavan Kumar
Journal of Clinical Laboratory Analysis
出版事項: (2019)